Permata minda

Bibliographic Details
Main Author: Shuib Sulaiman
Format: Book
Published: Kuala Lumpur : Abuku Hebat , 1999
Series:Siri 1 motivasi
Subjects:

MARC

LEADER 00000cam a2200000 7i4500
001 0000025318
005 20090218.0
008 090218
020 |a 983221100X 
090 0 0 |a 297.5699   |b SHU 
100 1 |a Shuib Sulaiman 
245 1 0 |a Permata minda   |c Shuib Sulaiman 
260 |a Kuala Lumpur :   |b Abuku Hebat ,   |c 1999 
440 |a Siri 1 motivasi 
650 0 |a Religious life   |x Islam 
650 0 |a Virtue   |x religious life   |x Islam 
999 |a 0001039553   |b Book   |c Adult Collection   |e Perbadanan Perpustakaan Awam Johor